A history of technology

Contents: Part I. Primary production; Part II. Forms of energy; Part III. Manufacture; Part IV. Static engineering; Part V. Communications

保存先:
書誌詳細
フォーマット: 図書
言語:Undetermined
出版事項: Oxford Clarendon Press 1982
主題:
タグ: タグ追加
タグなし, このレコードへの初めてのタグを付けませんか!
Thư viện lưu trữ: Trung tâm Học liệu Trường Đại học Cần Thơ
LEADER 00664nam a2200193Ia 4500
001 CTU_222084
008 210402s9999 xx 000 0 und d
082 |a 609 
082 |b H673/Vol.4 
245 2 |a A history of technology 
245 0 |c Edited by Charles Singer ... [et al.] 
260 |a Oxford 
260 |b Clarendon Press 
260 |c 1982 
520 |a Contents: Part I. Primary production; Part II. Forms of energy; Part III. Manufacture; Part IV. Static engineering; Part V. Communications 
650 |a Technology,Công nghệ 
650 |x History,Lịch sử 
904 |i Tuyến 
980 |a Trung tâm Học liệu Trường Đại học Cần Thơ